UK economic brief March 2008 (Record no. 109995)
[ view plain ]
| 000 -LEADER | |
|---|---|
| fixed length control field | 01567cam a2200217 4500 |
| 001 - CONTROL NUMBER | |
| control field | L148295 |
| 008 - FIXED-LENGTH DATA ELEMENTS--GENERAL INFORMATION | |
| fixed length control field | 070309s2008 xxk f 000 0 eng d |
| 035 ## - SYSTEM CONTROL NUMBER | |
| System control number | (Sirsi) u148295 |
| 041 0# - LANGUAGE CODE | |
| Language code of text/sound track or separate title | eng |
| 050 04 - LIBRARY OF CONGRESS CALL NUMBER | |
| Classification number | 333.33 $2 18 |
| 110 2# - MAIN ENTRY--CORPORATE NAME | |
| Corporate name or jurisdiction name as entry element | Royal Institution of Chartered Surveyors |
| Subordinate unit | Public Affairs |
| 9 (RLIN) | 4679 |
| 245 00 - TITLE STATEMENT | |
| Title | UK economic brief March 2008 |
| Remainder of title | weak activity and higher inflation keep interest rates on hold |
| Medium | [electronic resource] |
| 260 ## - PUBLICATION, DISTRIBUTION, ETC. | |
| Place of publication, distribution, etc. | London |
| Name of publisher, distributor, etc. | RICS |
| Date of publication, distribution, etc. | 2008 |
| 490 #0 - SERIES STATEMENT | |
| Series statement | RICS UK Economic Brief |
| Volume/sequential designation | March 2008 |
| 520 ## - SUMMARY, ETC. | |
| Summary, etc. | Evidence of the credit crunch is not hard to find in the residential property market at the present time. Lenders have been scaling down loan to value ratios on mortgages and there has been a marked reluctance to pass on the benefit of the two base rate cuts already sanctioned to new borrowers. On the back of this, mortgage approvals have plunged and house prices have begun to slip albeit in a very modest fashion to date. However, away from the property arena the picture is rather more mixed. It is true that well regarded surveys such as those produced by Chartered Institute of Purchasing Managers are suggesting that the pace of economic growth will moderate over the coming quarters. On the other hand, the hard data continues to demonstrate rather greater resilience. |
| 650 24 - SUBJECT ADDED ENTRY--TOPICAL TERM | |
| Topical term or geographic name entry element | RICS UK ECONOMIC BRIEF |
| 651 #4 - SUBJECT ADDED ENTRY--GEOGRAPHIC NAME | |
| Geographic name | United Kingdom |
| Chronological subdivision | |
| 690 ## - LOCAL SUBJECT ADDED ENTRY--TOPICAL TERM (OCLC, RLIN) | |
| Topical term or geographic name as entry element | PROPERTY-PROPERTY MARKET |
| 856 40 - ELECTRONIC LOCATION AND ACCESS | |
| Uniform Resource Identifier | <a href="https://www.rics.org/site/scripts/download_info.aspx?downloadID=783">https://www.rics.org/site/scripts/download_info.aspx?downloadID=783</a> |
| Public note | View the item free of charge at www.rics.org... |
| 942 ## - ADDED ENTRY ELEMENTS (KOHA) | |
| Suppress in OPAC | 0 |
| Withdrawn status | Lost status | Source of classification or shelving scheme | Damaged status | Not for loan | Home library | Current library | Shelving location | Date acquired | Total Checkouts | Full call number | Barcode | Date last seen | Copy number | Price effective from | Koha item type |
|---|---|---|---|---|---|---|---|---|---|---|---|---|---|---|---|
| Dewey Decimal Classification | Virtual | Virtual | Online | 01/09/2009 | ONLINE PUBLICATION | L148295 | 06/08/2019 | 1 | 06/08/2019 | Book |